| 000 | 01031nam a22003137a 4500 | ||
|---|---|---|---|
| 003 | URS | ||
| 005 | 20260223155151.0 | ||
| 008 | 260223b |||||||| |||| 00| 0 eng d | ||
| 020 | _a9786210800944 | ||
| 040 |
_aDLC _beng _cDLC _dURS _erda |
||
| 050 |
_aQA 37.2 _b.M4204 2024 |
||
| 100 | _aSiong, Venus D. | ||
| 245 |
_aMathematics in the modern world/ _cVenus D. Siong and four others.- |
||
| 264 |
_aMalabon City: _bMutya Publishing House, Inc., _cc2024 |
||
| 300 |
_b201 pages: illustrations ; _c26 centimeters |
||
| 336 |
_2rdacontent _atext _btxt |
||
| 337 |
_2rdamedia _aunmediated _bn |
||
| 338 |
_2rdacarrier _avolume _bnc |
||
| 500 | _aIncludes biographical records about the authors. | ||
| 504 | _aIncludes references. | ||
| 546 | _aIn English text. | ||
| 650 | _2Mathematics | ||
| 650 | _2Quantitative reasoning | ||
| 700 | _aRivera, Joan V. | ||
| 700 | _aTorres, Doreen A. | ||
| 700 | _aDelmas, Lloyd Kevin B. | ||
| 700 | _aGayo, William S. Jr. | ||
| 942 |
_2lcc _cF _hQA 37.2 _i.M4204 2024 |
||
| 999 |
_c98730 _d98727 |
||